000 nam a22 7a 4500
999 _c19202
_d19202
008 170114b xxu||||| |||| 00| 0 eng d
050 _aNC 730 .Z38 1961
100 _aZaidenberg, Arthur.
245 _aNew encyclopedia of drawing , painting, and graphic art :
_ba complete fundamental book of instruction for hobbyists, art student, and professional artists/
_cArthur Zaidenberg.
260 _aNewYork :
_bA.s. Barnes & Company,
_c1961.
300 _a222p. :
_bill. ;
_c26cm.
650 _aDrawing
_xstudy and teaching.
942 _2lcc
_cBOOKS
_hNC 730 .Z38 1961